MARC details
| 000 -LEADER |
| fixed length control field |
02232cam a2200577 4500 |
| 001 - CONTROL NUMBER |
| control field |
21690 |
| 003 - CONTROL NUMBER IDENTIFIER |
| control field |
VRT |
| 005 - DATE AND TIME OF LATEST TRANSACTION |
| control field |
20260309092611.0 |
| 008 - FIXED-LENGTH DATA ELEMENTS--GENERAL INFORMATION |
| fixed length control field |
210624s2019 xo af ar 000 j slo |
| 015 ## - NATIONAL BIBLIOGRAPHY NUMBER |
| National bibliography number |
SNBA2020/03 |
| 020 ## - INTERNATIONAL STANDARD BOOK NUMBER |
| International Standard Book Number |
9788055167275 |
| Qualifying information |
(viazané) |
| 035 ## - SYSTEM CONTROL NUMBER |
| System control number |
urn:nbn:sk:snk-am00eklf |
| 035 ## - SYSTEM CONTROL NUMBER |
| System control number |
urn:nbn:sk:snk-am3iiif |
| 035 ## - SYSTEM CONTROL NUMBER |
| System control number |
EA49D67E-5A48-42F8-ABB9-2FA4D5A0C050 |
| 039 #9 - LEVEL OF BIBLIOGRAPHIC CONTROL AND CODING DETAIL [OBSOLETE] |
| Level of rules in bibliographic description |
202203311457 |
| Level of effort used to assign nonsubject heading access points |
AUTHORITY |
| Level of effort used to assign subject headings |
202203311456 |
| Level of effort used to assign classification |
AUTHORITY |
| Level of effort used to assign subject headings |
202106241208 |
| Level of effort used to assign classification |
VLOAD |
| Level of effort used to assign subject headings |
202102231414 |
| Level of effort used to assign classification |
VLOAD |
| 040 ## - CATALOGING SOURCE |
| Original cataloging agency |
POKPOH |
| Language of cataloging |
slo |
| Transcribing agency |
POKPOH |
| Modifying agency |
SNK |
| Description conventions |
rda |
| 041 1# - LANGUAGE CODE |
| Language code of text/sound track or separate title |
slo |
| Language code of original |
eng |
| 044 ## - COUNTRY OF PUBLISHING/PRODUCING ENTITY CODE |
| MARC country code |
xo |
| ISO country code |
SK |
| 072 #7 - SUBJECT CATEGORY CODE |
| Subject category code |
821.131.1-3 |
| Subject category code subdivision |
Talianska próza |
| Source |
konspekt |
| 072 #7 - SUBJECT CATEGORY CODE |
| Subject category code |
821-93 |
| Subject category code subdivision |
Literatúra pre deti a mládež (beletria) |
| Source |
konspekt |
| 080 ## - UNIVERSAL DECIMAL CLASSIFICATION NUMBER |
| Universal Decimal Classification number |
821.131.1-34 |
| Edition identifier |
2011 |
| 080 ## - UNIVERSAL DECIMAL CLASSIFICATION NUMBER |
| Universal Decimal Classification number |
82-93-053.4/.5 |
| Edition identifier |
2011 |
| 080 ## - UNIVERSAL DECIMAL CLASSIFICATION NUMBER |
| Universal Decimal Classification number |
82-34:808.1 |
| Edition identifier |
2011 |
| 100 1# - MAIN ENTRY--PERSONAL NAME |
| Personal name |
Gaule, Matteo |
| Relationship |
ill |
| 240 10 - UNIFORM TITLE |
| Uniform title |
Cinderella |
| Language of a work |
Slovensky |
| 245 10 - TITLE STATEMENT |
| Title |
Popoluška |
| Statement of responsibility, etc. |
Matteo Gaule ; Valentina Facciová ; z anglického originálu Cinderella ... preložila Barbora Vinczeová |
| 264 #1 - PRODUCTION, PUBLICATION, DISTRIBUTION, MANUFACTURE, AND COPYRIGHT NOTICE |
| Place of production, publication, distribution, manufacture |
Bratislava |
| Name of producer, publisher, distributor, manufacturer |
Ikar, a.s. - Stonožka |
| Date of production, publication, distribution, manufacture, or copyright notice |
2019 |
| 300 ## - PHYSICAL DESCRIPTION |
| Extent |
27 nečíslovaných strán |
| Other physical details |
farebné ilustrácie. ilustrované listy |
| Dimensions |
29 cm |
| 336 ## - CONTENT TYPE |
| Content type term |
text |
| Content type code |
txt |
| Source |
rdacontent |
| 336 ## - CONTENT TYPE |
| Content type term |
statický obraz |
| Content type code |
sti |
| Source |
rdacontent |
| 337 ## - MEDIA TYPE |
| Media type term |
bez média |
| Media type code |
n |
| Source |
rdamedia |
| 338 ## - CARRIER TYPE |
| Carrier type term |
zväzok |
| Carrier type code |
nc |
| Source |
rdacarrier |
| 500 ## - GENERAL NOTE |
| General note |
Kniha má detailne vyrezávané strany a výrez na obale |
| 500 ## - GENERAL NOTE |
| General note |
Údaje o preklade prevzaté z tiráže |
| 521 8# - TARGET AUDIENCE NOTE |
| Target audience note |
Pre deti od 3 rokov |
| 655 #7 - INDEX TERM--GENRE/FORM |
| Genre/form data or focus term |
talianske rozprávky |
| Source of term |
SNKPH |
| 655 #7 - INDEX TERM--GENRE/FORM |
| Genre/form data or focus term |
Italian fairy tales |
| Source of term |
SNKPHeng |
| 655 #7 - INDEX TERM--GENRE/FORM |
| Genre/form data or focus term |
Children's literature |
| Source of term |
SNKPHeng |
| 655 #7 - INDEX TERM--GENRE/FORM |
| Genre/form data or focus term |
literatúra pre deti |
| Source of term |
SNKPH |
| 655 #7 - INDEX TERM--GENRE/FORM |
| Genre/form data or focus term |
autorské rozprávky |
| Source of term |
SNKPH |
| 655 #7 - INDEX TERM--GENRE/FORM |
| Genre/form data or focus term |
Author fairy tales |
| Source of term |
SNKPHeng |
| 700 1# - ADDED ENTRY--PERSONAL NAME |
| Personal name |
Facci, Valentina |
| Relationship |
aut |
| 700 1# - ADDED ENTRY--PERSONAL NAME |
| Personal name |
Vinczeová, Barbora, |
| Dates associated with a name |
1992- |
| Relationship |
trl |
| 910 ## - USER-OPTION DATA (OCLC) |
| User-option data |
snk |
| 942 ## - ADDED ENTRY ELEMENTS (KOHA) |
| Source of classification or shelving scheme |
Dewey Decimal Classification |
| Koha item type |
Krásna literatúra pre deti |
| Suppress in OPAC |
No |
| 949 ## - LOCAL PROCESSING INFORMATION (OCLC) |
| 6 |
273K0652351 |
| a |
svkpoC 60788 |
| b |
svkpo643336 |
| 949 ## - LOCAL PROCESSING INFORMATION (OCLC) |
| 6 |
270001000576313 |
| a |
svkbbC 64296 |
| b |
svkbbm 787000 |
| 949 ## - LOCAL PROCESSING INFORMATION (OCLC) |
| 6 |
2889351071 |
| a |
savukPV 29276 |
| b |
savuk2019/4301 |
| 949 ## - LOCAL PROCESSING INFORMATION (OCLC) |
| 6 |
17A1394466 |
| a |
snkSB 94969 |
| b |
snk2019/31990 |
| o |
2203/19 |
| s |
6100:20200309 |
| 949 ## - LOCAL PROCESSING INFORMATION (OCLC) |
| 6 |
17A1394467 |
| a |
snkSB 94969 D1 |
| b |
snk2019/31991 |
| o |
2203/19 |